000
00485nam a2200145Ia 4500
008
090124s9999 xx 000 0 und d
082
_b
205092
245
_a
1000पर्यावरण प्रश्नोतरी
250
_a
1
260
_b
साळवी दिलिप एम.
_c
1999
300
_a
192
630
_a
1000पर्यावरण प्रश्नोतरी
730
_a
1000पर्यावरण प्रश्नोतरी
942
_c
BOOK
999
_c
186673
_d
186673